000 00339nam a22001337a 4500
005 20170731112727.0
008 170731b xxu||||| |||| 00| 0 eng d
040 _cPK-LaUMT
082 _aZIAC 297
_bDUA-
245 _aDua e Jamilah/
260 _aدیلی:
_bکتب خانہ اشاعت الاسلام،
_c] [
300 _a[ ]
942 _cBK
999 _c95975
_d95975